<?xml version="1.0" encoding="UTF-8"?>
<collection xmlns="http://www.loc.gov/MARC21/slim">
 <record>
  <leader>00806cam a2200217 7i4500</leader>
  <controlfield tag="001">0000016212</controlfield>
  <controlfield tag="005">20170807090000.0</controlfield>
  <datafield tag="020" ind1=" " ind2=" ">
   <subfield code="a">9781305956346 </subfield>
  </datafield>
  <datafield tag="090" ind1="0" ind2="0">
   <subfield code="a">320.973/WIL </subfield>
  </datafield>
  <datafield tag="100" ind1="1" ind2=" ">
   <subfield code="a">Wilson, James Q </subfield>
  </datafield>
  <datafield tag="245" ind1="0" ind2="0">
   <subfield code="a">American government : </subfield>
   <subfield code="b">institutions &amp; policies :Brief version  </subfield>
   <subfield code="c">by James Q. Wilson, John J. Dilulio, Jr. Meena Bose and Matthew Levendusky.</subfield>
  </datafield>
  <datafield tag="250" ind1=" " ind2=" ">
   <subfield code="a">13th edition.</subfield>
  </datafield>
  <datafield tag="260" ind1=" " ind2=" ">
   <subfield code="a">Boston, MA: </subfield>
   <subfield code="b">Cengage Learning,, </subfield>
   <subfield code="c">[2016].</subfield>
  </datafield>
  <datafield tag="300" ind1=" " ind2=" ">
   <subfield code="a">1 volume (various pagings): </subfield>
   <subfield code="b">color illustrations; </subfield>
   <subfield code="c">23 cm.</subfield>
  </datafield>
  <datafield tag="500" ind1=" " ind2=" ">
   <subfield code="a">Includes bibliographical references and index</subfield>
  </datafield>
  <datafield tag="650" ind1=" " ind2="0">
   <subfield code="a">United States -- </subfield>
   <subfield code="x">Politics and government </subfield>
  </datafield>
  <datafield tag="700" ind1="1" ind2=" ">
   <subfield code="a">DiIulio, John J </subfield>
  </datafield>
  <datafield tag="700" ind1="1" ind2=" ">
   <subfield code="a">Bose, Meenekshi </subfield>
  </datafield>
  <datafield tag="700" ind1="1" ind2=" ">
   <subfield code="a">Matthew Levendusky </subfield>
  </datafield>
  <datafield tag="999" ind1=" " ind2=" ">
   <subfield code="a">1000025836</subfield>
   <subfield code="b">Book</subfield>
   <subfield code="c">Red Spot</subfield>
  </datafield>
  <datafield tag="999" ind1=" " ind2=" ">
   <subfield code="a">1000025837</subfield>
   <subfield code="b">Book</subfield>
   <subfield code="c">Green Spot</subfield>
  </datafield>
 </record>
</collection>
